000
00381nam a2200145Ia 4500
008
090124s9999 xx 000 0 und d
082
_b
300107
245
_a
बंधुद्वेष
250
_a
2
260
_b
दातार गो. ना.
_c
1969
300
_a
912
630
_a
बंधुद्वेष
730
_a
बंधुद्वेष
942
_c
BOOK
999
_c
189663
_d
189663